Guess the Brawl Stars seasons (frequently updated) - Statistics

General Stats
  • This quiz has been taken 12 times
  • The average score is 4 of 27
Answer Stats
Hint Answer % Correct
Season #1 Tara’s Bazzar
60%
Season #2 Summer of Monsters
30%
Season #9 Brawlywood
20%
Season #16 Candyland
20%
Season #13 Deep Sea Brawl
20%
Season #15 Ghost Station
20%
Season #26 Godzilla
20%
Season #25 Ragnarok
20%
Season #22 Startoon Studios
20%
Season #3 Welcome to Starr Park
20%
Season #20 Back to Ranger Ranch
10%
Season #21 Bizarre Circus
10%
Season #27 Cyberbrawl
10%
Season #19 Enchanted Woods
10%
Season #4 Holiday Getaway
10%
Season #7 Jurassic Splash
10%
Season #17 Mystery at the Hub
10%
Season #8 Once Upon a Brawl
10%
Season #14 Robot Factory
10%
Season #18 Rumble Jungle
10%
Season #24 Sands of Time
10%
Season #5 Starr Force
10%
Season #11 The Biodome
10%
Season #6 The Goldarm Gang
10%
Season #12 The Stuntshow
10%
Season #23 Year of the Dragon
10%
Season #10 Year of the Tiger
10%
No matching quizzes found
Score Distribution
Percent of People with Each Score
Percentile by Number Answered
Your Score History
You have not taken this quiz